The review: providing insight and analysis for financial services professionals (Record no. 38733)

MARC details
000 -LEADER
fixed length control field 00511nam a2200169Ia 4500
022 ## - INTERNATIONAL STANDARD SERIAL NUMBER
ISSN 13577069
050 ## - CALL MARK
Classification number HT 169.I52 .R48/
245 #4 - TITLE STATEMENT
Title The review: providing insight and analysis for financial services professionals
260 ## - PUBLICATION, DISTRIBUTION, ETC. (IMPRINT)
Place of publication London
260 ## - PUBLICATION, DISTRIBUTION, ETC. (IMPRINT)
Name of publisher chartered institute for securities & investment [CISI]
260 ## - PUBLICATION, DISTRIBUTION, ETC. (IMPRINT)
Year of publication 2016
300 ## - PHYSICAL DESCRIPTION
Number of Pages 62 p. :ill. ; 27 cm.
650 ## - SUBJECT ADDED ENTRY--TOPICAL TERM
Topical Term City planning--India--Banswara.
942 ## - ADDED ENTRY ELEMENTS (KOHA)
Koha item type Serials

No items available.